000 00982cam a2200277 a 4500
001 000011630
005 20200929162516.0
008 831117s1984 nyua b 101 0 eng
020 _a0890049394
035 _a(DLC) 83043267
040 _aDO-SdBNP
_bspa
_cBNPHU
_dDLC
082 _a616.462
_bW926i
111 1 _aWorkshop Conference Hoechst
_n(12ra. :
_d1982 :
_cSchloss Reisenburg)
_927537
245 1 4 _aThe importance of islets of Langerhans for modern endocrinology /
_ceditores Konrad F. Federlin y Josef Scholtholt.
260 _aNew York :
_bRaven Press,
_c1984.
300 _axi, 239 p. :
_bill. ;
_c25 cm.
490 1 _atalleres de Hoechst
504 _aIncluye bibliografía e índice.
650 4 _aDiabetes
_xCongresos
_927538
650 4 _aDiabetes mellitus
_xCongresos
_927539
700 1 _aFederlin, K.,
_eed.
_927540
700 1 _aScholtholt, Josef,
_eed.
_927541
830 0 _atalleres de Hoechst
_927542
910 _aCatalogación por copia / LC
049 _aBNGR
999 _c11323
_d11323